Water reports N.13 Management of agricultural drainage water quality

The publication is interest for use by planners, irrigation and drainage engineers and environmental specialists. It would be useful in project indentification and to assess potential adverse water quality impacts of drainage disposal practices and indentify alternative mitigation tchnologies. In ad...

Fuld beskrivelse

Đã lưu trong:
Bibliografiske detaljer
Hovedforfatter: FAO
Format: Bog
Sprog:Undetermined
Udgivet: Rome FAO 1997
Fag:
Tags: Tilføj Tag
Ingen Tags, Vær først til at tagge denne postø!
Thư viện lưu trữ: Trung tâm Học liệu Trường Đại học Cần Thơ
LEADER 00911nam a2200205Ia 4500
001 CTU_22157
008 210402s9999 xx 000 0 und d
082 |a 631 
082 |b W324/N13 
100 |a FAO 
245 0 |a Water reports N.13 
245 0 |b Management of agricultural drainage water quality 
245 0 |c FAO 
260 |a Rome 
260 |b FAO 
260 |c 1997 
520 |a The publication is interest for use by planners, irrigation and drainage engineers and environmental specialists. It would be useful in project indentification and to assess potential adverse water quality impacts of drainage disposal practices and indentify alternative mitigation tchnologies. In addition, monitoring programmes to collect desired information are suggested. 
650 |a drainage,irrigation 
904 |i Nguyễn Quang Điền, 980323 
980 |a Trung tâm Học liệu Trường Đại học Cần Thơ